000 00308nam a2200133Ia 4500
008 191201s2011 xx 000 0 und d
100 _aKAZMI, Azhar
245 0 _aStrategic Management Business Policy
250 _aRep.
260 _aN.Delhi
_bTMH
_c2011
300 _a698
650 _aMBA
942 _2ddc
_cBK
999 _c3553
_d3553